| 000 | 00497nam a22001697a 4500 | ||
|---|---|---|---|
| 005 | 20241121183311.0 | ||
| 008 | 241121b |||||||| |||| 00| 0 eng d | ||
| 020 | _a9781305870628 | ||
| 082 |
_a005.756 _bPRA-M |
||
| 100 | _aPaarat, Philip J. | ||
| 245 |
_aShelly cashman series microsoft office 365 & access 2016 / _cMary Z.Last |
||
| 260 |
_aUSA: _bCengage Learning: _c2017. |
||
| 300 |
_axiv, 415 p. : _bill; _c24 cm. |
||
| 500 | _aInclude index. | ||
| 650 | _aMicrosoft Office | ||
| 999 |
_c36777 _d36777 |
||